Global Comparative Management: A Functional Approach (Record no. 5686)

MARC details
005 - DATE AND TIME OF LATEST TRANSACTION
control field 20250627143403.0
020 ## - INTERNATIONAL STANDARD BOOK NUMBER
International Standard Book Number 978-1-4129-4470-0
082 ## - DEWEY DECIMAL CLASSIFICATION NUMBER
Classification number 658 EDF
100 ## - MAIN ENTRY--PERSONAL NAME
Author name EDFELT,R.B.
245 ## - TITLE STATEMENT
Title Global Comparative Management: A Functional Approach
260 ## - PUBLICATION, DISTRIBUTION, ETC.
Place of publication, distribution, etc. California,
Name of publisher, distributor, etc. SAGE Publications,Inc,
Date of publication, distribution, etc. 2010.
300 ## - PHYSICAL DESCRIPTION
Extent xii,347p.:ill.;tables
Other physical details Bibliography and Index
Dimensions 26cm
942 ## - ADDED ENTRY ELEMENTS (KOHA)
Source of classification or shelving scheme Dewey Decimal Classification
Koha item type Books
Holdings
Date last seen Total checkouts Full call number Barcode Cost, replacement price Price effective from Koha item type Lost status Source of classification or shelving scheme Damaged status Not for loan Withdrawn status Home library Current library Shelving location Date acquired Source of acquisition Cost, normal purchase price
06/27/2025   330 EDF MZA0002599 45000.00 06/27/2025 Books   Dewey Decimal Classification       CBE Mwanza CBE Mwanza General Collection 04/08/2017 TLSB Donation 15000.00
06/27/2025   658 EDF MZA0002600 45000.00 06/27/2025 Books   Dewey Decimal Classification       CBE Mwanza CBE Mwanza General Collection 04/08/2017 TLSB Donation 15000.00